00731nas a2200205 4500001001000000003000900010005001700019007000300036008003400039040005400073041000900127072000800136100002400144245011700168246010500285650001400390650002100404650002200425773007800447BR9206085BR-BrBNA20231205092903.0ta230509b bl.|||p| |||| 00| 00por d aBR-BrBNAbporcBiblioteca Nacional de Agricultura a(Pt) aM121 aBemvenuti, M. de A.1 aHabitos alimentares de peixes-rei (Atherinidae)na regiao estuarina da lagoa dos Patos, Rio Grande do Sul, Brasil1 a[Food habits of the silversides in the estuary of the Patos lagoon, Rio Grande do Sul state, Brazil! aPEIXE-REI aHABITO ALIMENTAR aRIO GRANDE DO SUL0 tAtlantica (Brazil)xISSN 0102-1656g(1990), v. 12(1) p. 79-102wBR9206085